000 01552cam a22003977a 4500
003 CHAP
005 20220329143018.0
008 050810d2003 es a r 00110 spa d
010 _a90660
011 _a91632
020 _a8484761142
035 _a102193
040 _cCHAP
082 0 4 _a631.4
_bS7
100 0 0 _aStocking, Michael.
_9109833
245 1 0 _aManual para la evaluación de campo de la degradación de la tierra
_c/por Michael Stocking y Niamh Murnaghan
260 _aMadrid :
_bMundi-Prensa,
_c2003
300 _axii, 173 p. :
_bilus.
590 _aBATCH-UPD
_b10
_c20130110
_lUCH01
_h0537
590 _aBATCH-UPD
_b10
_c20130110
_lUCH01
_h2338
590 _aBATCH-UPD
_b10
_c20130410
_lUCH01
_h0218
590 _aBATCH-UPD
_b10
_c20130914
_lUCH01
_h1834
590 _aCONVERSION
_b10
_c20130109
_lUCH01
_h1350
650 1 4 _aSuelos
_xConservación.
_9110283
650 1 4 _aSuelos
_xDegradación.
_9110336
650 1 4 _aSuelos
_xEvaluación.
_9110364
700 0 0 _aMurnaghan, Niamh.
_979780
901 _aBK
905 _aAlejandra Carrasco M.
942 _cLIBRO
949 _a631.4 S7
_bBC
_cLIBRO
_d33724000957072
_eLIBRO
_h105785
_i102193
_si
_t$ 629.00
949 _a631.4 S7
_bBC
_cLIBRO
_d33724000957080
_eLIBRO
_fc.2
_h105786
_i102193
_sb
_t$ 629.00
949 _a631.4 S7
_bBC
_cLIBRO
_d33724000978417
_eLIBRO
_fc.3
_gI.224207
_h106728
_i102193
_sb
_t$ 629.00
949 _a631.4 S7
_bBC
_cLIBRO
_d33724002050637
_eLIBRO
_fc..4
_gI c/e
_h109354
_i102193
_sb
_t$629.00
949 _a631.4 S7
_bBC
_cLIBRO
_d33724002050702
_eLIBRO
_fc.5
_gIc/e
_h109355
_i102193
_si
_t$629.00
999 _c90660
_d90660